| 000 | 00550cam a2200193 4500500 | ||
|---|---|---|---|
| 005 | 20260329005432.0 | ||
| 041 | _afre | ||
| 042 | _adc | ||
| 100 | 1 | 0 |
_aLegros, Martin _eauthor |
| 245 | 0 | 0 | _aPauvre Folle |
| 260 | _c2023. | ||
| 500 | _a92 | ||
| 690 | _aHomosexualité | ||
| 690 | _aImpossible | ||
| 690 | _aObsession | ||
| 690 | _aSentiment | ||
| 786 | 0 | _nPhilosophie magazine | 172 | 9 | 2023-09-01 | p. 58-58 | 1951-1787 | |
| 856 | 4 | 1 | _uhttps://shs.cairn.info/magazine-philosophie-magazine-2023-9-page-58?lang=fr&redirect-ssocas=7080 |
| 999 |
_c1843395 _d1843394 |
||